Exhortation to the Monks by Hyperechios
Saved in:
Main Author:
Format: Book
Language: Undetermined
Published:
Cairo
American University in Cairo
2024
Subjects:
Tags: Add Tag
No Tags, Be the first to tag this record!
Call Number: On Hold
| LEADER | 00567nam a2200193Ia 4500 | ||
|---|---|---|---|
| 005 | 20260324113530.0 | ||
| 008 | 260324s9999||||xx |||||||||||||| ||und|| | ||
| 020 | |a 978-1649033673 | ||
| 050 | 4 | |a On Hold | |
| 100 | 0 | |a Tim Vivian | |
| 245 | 1 | 0 | |a Exhortation to the Monks by Hyperechios |c Tim Vivian |
| 264 | 1 | |a Cairo |b American University in Cairo |c 2024 | |
| 300 | |a 228 Pages |b illustrations |c 23 cm | ||
| 650 | 4 | |a Catholic | |
| 650 | 4 | |a Christian Life | |
| 650 | 4 | |a Monasticism | |
| 650 | 4 | |a Reflections on the Spiritual Journey | |
| 650 | 4 | |a Religen | |
| 999 | |c 61911 |d 61911 | ||
